|
|
|
|
| LEADER |
00000nam a2200000 a 4500 |
| 001 |
vtls001465535 |
| 003 |
SK-MaSNL |
| 005 |
20260302073246.0 |
| 008 |
240314s2003 xo a g slo |
| 015 |
|
|
|a SNBA2004/05-01841
|
| 020 |
|
|
|a 8022812919
|
| 035 |
|
|
|a SNK000420840
|
| 035 |
|
|
|a urn:nbn:sk:snk-amygwm
|
| 035 |
|
|
|a urn:nbn:sk:snk-am00cjqn
|
| 035 |
|
|
|a B306D36E-71CE-447E-9AED-3F1F2D20C3CB
|
| 040 |
|
|
|a SNK
|b slo
|c SNK
|e AACR2
|
| 041 |
0 |
|
|a slo
|
| 044 |
|
|
|a xo
|c SK
|
| 072 |
|
7 |
|a 630
|2 konspekt
|
| 080 |
|
|
|a 630:625.57(075.8)
|2 2. slo
|
| 080 |
|
|
|a 630
|2 1981
|
| 080 |
|
|
|a 625.57
|2 1981
|
| 080 |
|
|
|a (075.8)
|2 1981
|
| 100 |
1 |
|
|a Mikleš, Milan,
|d 1946-
|4 aut
|9 85592
|
| 245 |
1 |
0 |
|a Lanové dopravné zariadenia
|c Milan Mikleš, Ján Holík
|
| 250 |
|
|
|a 1. vyd.
|
| 260 |
|
|
|a Vo Zvolene
|b Technická univerzita
|c 2003
|
| 300 |
|
|
|a 212 s.
|b ilustr.
|c 29 cm
|
| 500 |
|
|
|a 100 výt.
|
| 504 |
|
|
|a Bibliogr. s. 212
|
| 650 |
0 |
7 |
|a lanová doprava
|2 SNKPH
|9 68622
|
| 650 |
0 |
7 |
|a lesné hospodárstvo
|2 SNKPH
|9 1256
|
| 655 |
|
7 |
|a učebnice vysokých škôl
|2 SNKPH
|9 70191
|
| 700 |
1 |
|
|a Holík, Ján
|4 aut
|9 15057
|
| 752 |
|
|
|d Zvolen 4 650
|
| 919 |
|
|
|a 80-228-1291-9
|
| 958 |
|
|
|a OND
|
| 958 |
0 |
7 |
|a NB
|
| 968 |
|
|
|d 63
|
| 999 |
|
|
|c 1160109
|d 1162039
|
| 952 |
|
|
|t P60, <03>, [BOOK], {603}
|a SNK
|b SNK
|y PREZ
|7 0
|p 17A0408145
|o snkSB 67800
|i snkKSP 42/2004
|0 0
|1 0
|4 0
|d 2003-12-22
|f 1
|l 0
|r 2025-04-16 00:00:00
|w 2026-02-24
|
| 952 |
|
|
|t P60, <04>, [BOOK], {604}
|a SNK
|b SNK
|y VYP
|7 0
|p 17A0408146
|o snkSB 67800 D1
|i snkKSP 43/2004
|0 0
|1 0
|4 0
|d 2003-12-22
|l 0
|r 2005-01-02 00:00:00
|w 2026-02-24
|